• 首页
  • 本馆介绍
  • 公告通知
  • 最新文献
  • 馆藏检索
  • 电子资源
  • 读者导购
  • 参考咨询
  • 我的图书馆
  • 登录
  • 详细信息显示
  • 放入我的书架
  • 预约/预借图书
  • 作者相关作品
  • 分类相关作品
  • 丛书相关作品
  • 出版社相关作品

书目信息

  • 表格格式
  • 工作单格式
  • 卡片格式
题名:
北京深度游Follow Me
    
 
作者: ;亲历者编辑部 编著
分册:  
出版信息: 北京   中国铁道出版社有限公司  2020.05
页数: 216页
开本: 24cm
丛书名:
单 册:
中图分类: K928.91
科图分类:
主题词: 旅游指南--lv you zhi nan--北京
电子资源:
ISBN: 978-7-113-17991-5
000 00940nam0 2200253 450
001 2131755416
005 20211003090200.55
010    @a978-7-113-17991-5@dCNY59.80
100    @a20200623d2020 em y0chiy0120 ea
101 0  @achi
102    @aCN@b110000
105    @aab z 000yy
106    @ar
200 1  @a北京深度游Follow Me@Abei jing shen du you Follow Me@f《亲历者》编辑部编著
205    @a3版
210    @a北京@c中国铁道出版社有限公司@d2020.05
215    @a216页@c彩图,地图@d24cm
300    @a亲历者旅行指南/周国宝主编
330    @a本书分为速读北京、老城区、新城区、北部郊区、南部郊区五大板块。精选北京35个热门景点,配以15景区手绘图,收集旅游者真实旅行经历,为读者在北京的游览、交通、美食、购物、娱乐等提供全方位解决方案。
606 0  @a旅游指南@Alv you zhi nan@y北京
690    @aK928.91@v5
711 02 @a亲历者编辑部@Aqin li zhe bian ji bu@4编著
801  0 @aCN@b百万庄@c20210929
905    @b1303906-09@dK928.91@e1181=3@f4
    
    北京深度游Follow Me/《亲历者》编辑部编著.-3版.-北京:中国铁道出版社有限公司,2020.05
    216页:彩图,地图;24cm
    亲历者旅行指南/周国宝主编
    
    ISBN 978-7-113-17991-5:CNY59.80
    本书分为速读北京、老城区、新城区、北部郊区、南部郊区五大板块。精选北京35个热门景点,配以15景区手绘图,收集旅游者真实旅行经历,为读者在北京的游览、交通、美食、购物、娱乐等提供全方位解决方案。
●
相关链接 在E读中查询图书 在五车中查询图书 在当当中查询图书 在豆瓣中查询图书


正题名:北京深度游Follow Me     索取号:K928.91/1181=3         预约/预借

序号 登录号 条形码 馆藏地/架位号 状态 备注
1 1303906   213039068   第二样本阅览室/ [索取号:K928.91/1181=3] 在馆    
2 1303907   213039077   第二借阅区/ [索取号:K928.91/1181=3] 在馆    
3 1303908   213039086   第二借阅区/ [索取号:K928.91/1181=3] 在馆    
4 1303909   213039095   第二借阅区/ [索取号:K928.91/1181=3] 在馆    
唐山师范学院图书馆 欢迎您!
大连网信软件有限公司© 版权所有